书目信息 |
| 题名: |
酷儿理论
|
|
| 作者: | 葛尔·罗宾 ;李银河 | |
| 分册: | ||
| 出版信息: | 北京 时事出版社 2000 |
|
| 页数: | ||
| 开本: | ||
| 丛书名: | ||
| 单 册: | ||
| 中图分类: | G0 | |
| 科图分类: | ||
| 主题词: | 文化理论 | |
| 电子资源: | ||
| ISBN: | 7-80009-579-7 | |
| 000 | 00602nam0 2200193 450 | |
| 001 | 0735257515 | |
| 005 | 20070904094737.51 | |
| 010 | @a7-80009-579-7@d19 | |
| 100 | @a20070904d km y0chiy0120 ea | |
| 101 | 0 | @achi |
| 200 | 1 | @a酷儿理论@Aku er li lun@e西方九十年代性思潮@f葛尔.罗宾等@Fge er.luo bin deng@g李银河@Gli yin he |
| 210 | @a北京@c时事出版社@d2000 | |
| 517 | 1 | @a西方九十年代性思潮@Axi fang jiu shi nian dai xing si chao |
| 606 | 0 | @a文化理论 |
| 690 | @aG0@v3 | |
| 701 | 0 | @a葛尔·罗宾@Age er·luo bin |
| 702 | 0 | @a李银河@Ali yin he |
| 801 | 0 | @aCN@bPFT@c20070904 |
| 905 | @a213230@dG0@ea2@f1 | |
| 酷儿理论:西方九十年代性思潮/葛尔.罗宾等/李银河.-北京:时事出版社,2000 |
| ISBN 7-80009-579-7:19 |
| ● |
| 相关链接 |
|
|
|
|
正题名:酷儿理论
索取号:G0/a2
 
预约/预借
| 序号 | 登录号 | 条形码 | 馆藏地/架位号 | 状态 | 备注 |
| 1 | 7503285 | 275032858 | 密集书库-史法系/ [索取号:G0/a2] | 在馆 |